Tilastot visalle Popedan kaikki biisit

Klikkaa tästä pelataksesi tätä visaa!

Yleistilastot

  • Tätä visaa on pelattu 60 kertaa
  • Keskiarvotulos 45 / 285

Vastaustilastot

AlbumiKappale% Oikein
H.Ö.N.Ö.Kärol (- Carol -)
81%
Kaasua...Kaasua, komisaario Peppone
73%
Pohjantähden allaKuuma kesä
73%
Raswaa koneeseen!Raswaa koneeseen
65%
HarasooMatkalla Alabamaan
62%
H.Ö.N.Ö.Erotomania
60%
Haista Popeda!Lihaa ja perunaa
60%
SvobodaRepe ja Lissu
56%
Pohjantähden allaPohjantähden alla
54%
SvobodaPunaista ja makeaa
54%
HarasooSukset
54%
H.Ö.N.Ö.Tahdotko mut tosiaan
54%
SvobodaKersantti Karoliina
52%
Hullut koiratHullut koirat
48%
HarasooPalle and the boys
48%
SvobodaMää ja Tapparan mies
46%
Raswaa koneeseen!Da da
44%
Mustat enkelit
44%
30-vuotinen sota 1977–2007Aino
42%
30-vuotinen sota 1977–2007Kakskytä centtiä
42%
Häkää!Raakaa voimaa
42%
15 GT Golden TurpoEläinten vallankumous
37%
Mustat enkelitKuulat sekaisin
37%
Pohjantähden allaTää on se yö
37%
Täydelliset miehetElän itselleni
35%
Just!Tohtori Mustajärvi
35%
15 GT Golden TurpoKellot lyö
33%
SvobodaKirje
33%
PopedaMauno soittaa stereoo
33%
Täydelliset miehetOnhan päivä vielä huomennakin
33%
SvobodaPornokaupan johtaja
33%
15 GT Golden TurpoMörri-Möykky
31%
H.Ö.N.Ö.Rokkikone
31%
H.Ö.N.Ö.Siankorvaa ja raanavettä
31%
Hallelujaa4711
29%
Kans'an PopedaJäin täryjyrän alle Pispalassa
29%
Pohjantähden allaJohn Holmes
29%
Häkää!Katsastuslaulu
29%
Just!Kun mies unelmoi
29%
H.Ö.N.Ö.Oodi makkaralle
29%
Täydelliset miehetKai
27%
Kans'an PopedaLilli Kupponen
27%
Haista Popeda!Öljytyt lanteet
27%
Hullut koiratVankilalaulu
27%
VoittoHääkellot soi
25%
Kaasua...Kiinni jäin
25%
15 GT Golden TurpoMönkiäislaulu
25%
Kans'an PopedaMustajärvellä 12.07.–89
25%
500 ccMustameri ja mies
25%
Kaasua...Soittomatkalla
25%
HarasooTelakalle töihin
25%
Ei oo valooApen ja Riitan surullinen tarina
23%
HarasooBeibi on ylpee
23%
Haista Popeda!Helvetin pitkä perjantai
23%
SvobodaIrmeli
23%
SvobodaMehu-Maija ja Temppu-Eeva
23%
Ei oo valooBandiittipolkka
21%
Peetlehemin pesäveikot (nopein saa)Hei mies
21%
H.Ö.N.Ö.Huimia öitä, niukasti öljyä
21%
SvobodaKotiin
21%
Täydelliset miehetKuutamohullu
21%
Ei oo valooMaailmankaikkeuden suvijenkka
21%
Haista Popeda!Oodi Jaloviinalle
21%
Raswaa koneeseen!Palkkasoturiksi Nuubiaan
21%
HarasooRaz, dva, tri
21%
30-vuotinen sota 1977–2007Reino
21%
Täydelliset miehetRio De Janeiro
21%
Shal-la-laShal-la-la
21%
Kaasua...Viimeinen mohikaani
21%
SvobodaViimeiset kaupungit
21%
H.Ö.N.Ö.Baareja taivaaseen
19%
Pohjantähden allaChristina
19%
15 GT Golden TurpoDelilah
19%
Ei oo valooHullu tarttui kirveeseen
19%
500 ccMinä, sinä ja Mannerheim
19%
HarasooOlen valmis
19%
Raswaa koneeseen!Silimiklasikyy
19%
15 GT Golden TurpoSuuret setelit
19%
Huilut suorinaSynnyimme lähtemään
19%
Popeda1978
17%
Just!Beibin kanssa Irlantiin
17%
Huilut suorinaElämässä pitää olla runkkua
17%
Hullut koiratEllu
17%
Raswaa koneeseen!Kitara
17%
SvobodaKuinka kummassa voikin käydä näin
17%
Hullut koiratLäpi unen seinän
17%
SvobodaMaapallo
17%
500 ccMannaa mammonaa
17%
15 GT Golden TurpoMinä elän
17%
Huilut suorinaMuumi muumi
17%
Peetlehemin pesäveikot (nopein saa)Optinen O
17%
Kaasua...Silirimpsis hei
17%
HarasooAamulla
15%
Kaasua...Armahdus
15%
Pohjantähden allaArskan kone
15%
VoittoBermudan kolmio
15%
Häkää!Ikurin Mimmi
15%
Raswaa koneeseen!Kädet irti
15%
15 GT Golden TurpoKalteriblues
15%
Kans'an PopedaKuuma kokardi
15%
Mustat enkelitKymmenen uutiset
15%
500 ccLiian kiltti mies
15%
Raswaa koneeseen!Liikennelaulu
15%
Hullut koiratOnnenpyörä
15%
PopedaOodi Tom Robinsonille
15%
Ei oo valooPaljastaja-Karppanen
15%
Mustat enkelitPolttaa
15%
PopedaRock and Roll
15%
Mustat enkelitSika-Anteron laulu
15%
HarasooWhiskey
15%
500 ccBeibi lähtee vankilaan
13%
Ei oo valooBublipax
13%
15 GT Golden TurpoErkki ja Leena
13%
Raswaa koneeseen!Hautajaiset
13%
Kans'an PopedaHimo Mäkinen
13%
Peetlehemin pesäveikot (nopein saa)Hjulapata
13%
Täydelliset miehetHuhhahhei
13%
Täydelliset miehetJuntti
13%
Pohjantähden allaKeskiyön blues
13%
PopedaKormus
13%
Hittejä Kersantti KaroliinaLämmää päähän
13%
Täydelliset miehetLentolupakirja
13%
Ei oo valooMasuunimestarin musta maanantai
13%
Häkää!Mauno and the Boys
13%
VieraissaMustaa
13%
Just!Onko vielä aikaa?
13%
PopedaPikkustadin supermarket
13%
Pohjantähden allaRambo T. ja Akseli K.
13%
Ei oo valooRanttalitytön tärinät
13%
HallelujaaSä lähdit taas
13%
Peetlehemin pesäveikot (nopein saa)Sammakkalaulu
13%
Ei oo valooSavusukeltajan blues
13%
PopedaTarkkailuneliö
13%
HallelujaaTöpseli (RIP)
13%
Haista Popeda!Tuntematon Tero
13%
Peetlehemin pesäveikot (nopein saa)Valkoisessa huoneessa
13%
VoittoYhä virtaa Don
13%
Kans'an PopedaEnkeliblues
12%
HallelujaaHeavy lutaa
12%
Raakaa voimaaHuummetta
12%
Täydelliset miehetIkurilainen uimapatjan tervauslaulu
12%
Kans'an PopedaJätäntäntähän
12%
SvobodaKansainvälinen herran pelko
12%
Hullut koiratKorppi
12%
Pohjantähden allaLaitimmainen kerta
12%
Ei oo valooLauri Moskovassa
12%
Peetlehemin pesäveikot (nopein saa)Luumäkirock
12%
Raswaa koneeseen!Nukke
12%
Kans'an PopedaNysse tulee
12%
SingleOnko saunan takana tilaa?
12%
VieraissaPaperitähdet
12%
PopedaPitseritsat
12%
HarasooPullaristo ihmemaassa
12%
PopedaQuo vadis
12%
Häkää!Savusuudelma
12%
Kans'an PopedaSerkkuni on rasisti
12%
Kaasua...Tellus
12%
H.Ö.N.Ö.Työtön kummitus
12%
H.Ö.N.Ö.Uskon vielä Rolling Stonesiin
12%
Mustat enkelitABCD-rock
10%
Raswaa koneeseen!Älä kirjoita tauluun
10%
VieraissaAlkomedley
10%
Peetlehemin pesäveikot (nopein saa)Hei mies räp
10%
Haista Popeda!Hulapaloo
10%
Kaasua...Kaikki tiet vievät koomaan
10%
HallelujaaKärmesboogie
10%
Kans'an PopedaKauheeta ja kamalaa
10%
H.Ö.N.Ö.Kulmabaarin kantakundi
10%
500 ccKylän suurin kypärä
10%
VieraissaMayday Mayday
10%
Häkää!Ostin Desoton
10%
Kaasua...Painajainen
10%
H.Ö.N.Ö.Rock ’n’ roll bileet
10%
Raswaa koneeseen!Sä pelkäät
10%
Mustat enkelitSimo merihädässä
10%
PopedaSoita Ilpo
10%
Kans'an PopedaSukkana alas!
10%
500 ccVaisto vaatii toimimaan
10%
Mustat enkelitVaro
10%
Pohjantähden allaÄlä vokota mua baby
8%
Hullut koiratAvaruusseikkailu
8%
Just!Beibi osaa lentää
8%
Shal-la-laIkävä keikalle
8%
HallelujaaIsä aurinkoinen
8%
Täydelliset miehetJ.K.:n blues
8%
Mustat enkelitJos joet ois...
8%
VieraissaKaunis nainen
8%
HallelujaaKummituskrapu
8%
PopedaKylmästi natsaa
8%
Peetlehemin pesäveikot (nopein saa)Lauri Lutavuori
8%
Kaasua...Liian myöhään
8%
Haista Popeda!Lisää viinaa (mun silmät liikkuu)
8%
Peetlehemin pesäveikot (nopein saa)Maailma palaa
8%
VoittoMinä, beibi ja Mosse
8%
Peetlehemin pesäveikot (nopein saa)Nyrkki-Kyllikki
8%
Peetlehemin pesäveikot (nopein saa)Omia ollaan
8%
Ei oo valooPauketta ja räminää
8%
Ei oo valooPauli, pikku Pauli
8%
Häkää!S.A.Int
8%
500 ccSe istahtaa mun pöytään
8%
Haista Popeda!Surun sahanpuruja
8%
HallelujaaTähtisadetta
8%
Häkää!Taivaan portilla
8%
Ei oo valooTakapenkkiboogie
8%
Hullut koiratUni
8%
Pohjantähden allaViimeinen tanssi
8%
HallelujaaAivot ankkuriin
6%
Hullut koiratÄlä koske
6%
Häkää!Autovaras
6%
Raakaa voimaaBebobbahobbin
6%
Hullut koiratBlues
6%
Just!Entisestä pois
6%
PopedaHei nainen
6%
Haista Popeda!Helleaalto
6%
Mustat enkelitHormoonihuulet
6%
Peetlehemin pesäveikot (nopein saa)Hyvä kankkunen
6%
Just!Kaikki päättyi taas
6%
Just!Kekkeruusit kesälomalla
6%
Peetlehemin pesäveikot (nopein saa)Kouluun
6%
VoittoKovan päivän ilta
6%
H.Ö.N.Ö.Lauantai-ilta
6%
VoittoLentäviä lautasia
6%
500 ccLopeta ny!
6%
Raswaa koneeseen!Luvattu maa
6%
Pohjantähden allaMahdollisesti
6%
Mustat enkelitMä unta näin
6%
Just!Moottoripää
6%
H.Ö.N.Ö.On se sentään mies
6%
PopedaPehmeä kovis
6%
H.Ö.N.Ö.Rutatuta
6%
H.Ö.N.Ö.Sätkiä ja kiljua
6%
Hullut koiratTaivaanrannan maalari
6%
VieraissaTulta kaminaan
6%
Peetlehemin pesäveikot (nopein saa)Tuomas parka
6%
SvobodaVenäläinen ruletti
6%
Kans'an PopedaViisas ihminen
6%
Raakaa voimaaYksi yö
6%
Peetlehemin pesäveikot (nopein saa)Yks kysta kimma
6%
Täydelliset miehetAllright
4%
Häkää!Ei lasten käsiin
4%
Raakaa voimaaEi ole heleppoo
4%
Haista Popeda!Hei Heidi hei
4%
500 ccHei, pikku sisko
4%
VoittoIlmalaiva
4%
VoittoKaarina
4%
Peetlehemin pesäveikot (nopein saa)Kovan pojan blues
4%
Häkää!Lemmenkipee Menninkäinen
4%
VieraissaMatkasoittajat
4%
Just!Mikä muija!
4%
Raakaa voimaaMua yks nainen
4%
VoittoPohjasakkaa
4%
VoittoPojat on poikia
4%
Peetlehemin pesäveikot (nopein saa)Potkurilakkirock
4%
HallelujaaRattoriin
4%
VieraissaRuba
4%
HallelujaaSilliviiliä
4%
Haista Popeda!Sininen liekki
4%
Häkää!Taas kutsuu mua maantie!
4%
Just!Telakalla, tehtaassa, raksalla
4%
HallelujaaTrio Kopakapana
4%
H.Ö.N.Ö.Tulta munille
4%
Peetlehemin pesäveikot (nopein saa)Verkot soi
4%
PopedaVilli yö
4%
VieraissaAsiaan Anita
2%
VoittoHannu ja Kerttu
2%
500 ccKaasu pohjaan jää
2%
500 ccKruisaillaan
2%
VoittoKylmä rinki
2%
Häkää!Mikä laulaen tulee
2%
Peetlehemin pesäveikot (nopein saa)Mikä vika mussa on
2%
500 ccMun beibi ei putoo milloinkaan
2%
VieraissaNuori poika
2%
Peetlehemin pesäveikot (nopein saa)Onnellinen mies
2%
Haista Popeda!Rakkauden leka
2%
Just!Sä-sä-säväri
2%
PopedaSun luonasi olleet
2%
VieraissaToivomuslähteeseen
2%
VieraissaTunnelmassa
2%
VieraissaVenus
2%
Häkää!Belle Star
0%
VieraissaBonnie Moronie
0%
Huilut suorinaCadillac
0%
500 ccKunnon töihin
0%
VoittoMä mokasin
0%
Peetlehemin pesäveikot (nopein saa)Sen kunniaksi
0%

Tulosjakauma

Persentiili vastausten määrän mukaan

Jokaisen tuloksen saaneiden osuus

Tuloshistoriasi

Et ole pelannut tätä visaa